Язык Ассемблера для IBM PC и программирования: пер. с англ.

Bibliographic Details
Main Author: Абель П. Питер
Language:Russian
Published: Москва, Высшая школа, 1992
Subjects:
Format: Book
KOHA link:https://koha.lib.tpu.ru/cgi-bin/koha/opac-detail.pl?biblionumber=35696

MARC

LEADER 00000nam0a2200000 4500
001 35696
005 20231101210323.0
010 |a 5060015181 
035 |a (RuTPU)RU\TPU\book\36134 
035 |a BOOK00002786 
090 |a 35696 
100 |a 20011210d1992 km y0rusy50 ca 
101 1 |a rus  |c eng 
102 |a RU 
105 |a y z 000zy 
200 1 |a Язык Ассемблера для IBM PC и программирования  |e пер. с англ.  |f П. Абель 
210 |a Москва  |c Высшая школа  |d 1992 
215 |a 447 с. 
606 |a Языки программирования  |2 stltpush  |3 (RuTPU)RU\TPU\subj\65957  |9 82264 
610 1 |a программирование 
610 1 |a программы 
610 1 |a языки кодирования 
610 1 |a ЭВМ 
610 1 |a упражнения 
610 1 |a Ассемблер 
675 |a 004.43  |v 4 
700 1 |a Абель  |b П.  |g Питер 
801 0 |a RU  |b 63413507  |c 20011210  |g PSBO 
801 2 |a RU  |b 63413507  |c 20200613  |g PSBO 
900 |a Алгоритмические языки программирования 
942 |c BK